Stati meno popolosi della NATO - Statistics

Statistiche generali
  • Questo quiz è stato fatto 16 volte
  • Il punteggio medio è 7 su 10
Statistiche sulle risposte
Popolazione (ab.) Stato % Corretto
660 8029 Lussemburgo
92%
3 850 894 Croazia
85%
1 829 954 Macedonia del Nord
77%
616 695 Montenegro
77%
2 116 972 Slovenia
77%
2 761 785 Albania
69%
1 365 884 Estonia
69%
1 883 008 Lettonia
69%
2 857 279 Lituania
69%
387 758 Islanda
62%
Nessun quiz corrispondente trovato
Distribuzione punteggi
Percentuale di utenti per punteggio
Percentile per numero di risposta
I tuoi punteggi nel tempo
Non hai fatto questo quiz